Measurement, evaluation and assessment for learning / (Record no. 151983)

MARC details
000 -LEADER
fixed length control field 00699nam a22001937a 4500
005 - DATE AND TIME OF LATEST TRANSACTION
control field 20180510122722.0
010 ## - LCCN (DPL NO)
LC control number ENG-122969
020 ## - INTERNATIONAL STANDARD BOOK NUMBER
International Standard Book Number 9789386262288
Terms of availability 295.00
035 ## - SYSTEM CONTROL NUMBER
System control number EN-106501
037 ## - SOURCE OF ACQUISITION
Source of stock number/acquisition DBAD/PUB
082 ## - DEWEY DECIMAL CLASSIFICATION NUMBER
Classification number 379.158
100 ## - MAIN ENTRY--PERSONAL NAME
Personal name Gupta, Rainu
245 ## - TITLE STATEMENT
Title Measurement, evaluation and assessment for learning /
Statement of responsibility, etc by Rainu Gupta
260 ## - PUBLICATION, DISTRIBUTION, ETC. (IMPRINT)
Place of publication, distribution, etc New Delhi
Name of publisher, distributor, etc Shipra Publications
Date of publication, distribution, etc 2017
270 ## - ADDRESS
Address H.O. LG 18-19, Pankaj Central Market, Patparganj, I.P. Extn.
City Delhi
Postal code 110092
Telephone number 011-22235152/6152
Electronic mail address info@shiprapublication.com
300 ## - PHYSICAL DESCRIPTION
Extent xii, 432p.
Dimensions 22cm(pbk)
Other physical details ill.
500 ## - GENERAL NOTE
General note Includes bibliography and revision questions.
942 ## - ADDED ENTRY ELEMENTS (KOHA)
Source of classification or shelving scheme Dewey Decimal Classification
Item type English Books
Classification part 379.158
Call number suffix GUP
Holdings
Withdrawn status Lost status Not for loan Collection code Home library Current library Date acquired Source of acquisition Cost, normal purchase price Full call number Barcode Copy number Cost, replacement price Koha item type
    Not For Loan Non-fiction D.B.Act.Division Patel Nagar 10/05/2018 DBAD/PUB 295.00 379.158 GUP EN-106501 1 295.00 English Books

© Delhi Public Library
Hit Counter
free hit counter